Quantity surveyors fees (Record no. 106120)
[ view plain ]
| 000 -LEADER | |
|---|---|
| fixed length control field | 01426cam a2200265 4500 |
| 001 - CONTROL NUMBER | |
| control field | ##L135628 |
| 008 - FIXED-LENGTH DATA ELEMENTS--GENERAL INFORMATION | |
| fixed length control field | 061120n2006 000 0 eng u |
| 020 ## - INTERNATIONAL STANDARD BOOK NUMBER | |
| International Standard Book Number | 1903202566 |
| -- | 978190320562 |
| 035 ## - SYSTEM CONTROL NUMBER | |
| System control number | (Sirsi) u135628 |
| 041 0# - LANGUAGE CODE | |
| Language code of text/sound track or separate title | eng |
| 050 04 - LIBRARY OF CONGRESS CALL NUMBER | |
| Classification number | 331.2166 $2 18 |
| 110 2# - MAIN ENTRY--CORPORATE NAME | |
| Corporate name or jurisdiction name as entry element | Mirza and Nacey Research |
| Subordinate unit | The Fees Bureau |
| 9 (RLIN) | 5085 |
| 245 00 - TITLE STATEMENT | |
| Title | Quantity surveyors fees |
| Remainder of title | a survey of the fees charged by professional quantity surveying practices |
| 260 ## - PUBLICATION, DISTRIBUTION, ETC. | |
| Place of publication, distribution, etc. | Arundel |
| Name of publisher, distributor, etc. | Fees Bureau |
| Date of publication, distribution, etc. | 2006 |
| 300 ## - PHYSICAL DESCRIPTION | |
| Extent | 45p. |
| Dimensions | 30cm. |
| 350 ## - PRICE (NR) (BK AM CF MU VM SE) [OBSOLETE] | |
| Price | 195 |
| 490 #0 - SERIES STATEMENT | |
| Series statement | Mirza and Nacey Quantity Surveyors Fees |
| 520 ## - SUMMARY, ETC. | |
| Summary, etc. | The information in this publication is based on a survey of professional quantity surveying practices throughout the UK undertaken over the 24 month period to July 2006. Divided into four sections, section one examines the survey background and includes methodology and respondent profile. Section two discusses quantity surveyors charge-out rates, with section three discussing fees including contractual and regional variations and the trend in fees from 1999 to 2006. Section four contains detailed analysis of the fees data including private housing, leisure, offices, industrial, retail and public and community projects. |
| 590 ## - LOCAL NOTE (RLIN) | |
| Local note | KA |
| 650 24 - SUBJECT ADDED ENTRY--TOPICAL TERM | |
| Topical term or geographic name entry element | MIRZA AND NACEY'S QUANTITY SURVEYORS' FEES |
| 651 #4 - SUBJECT ADDED ENTRY--GEOGRAPHIC NAME | |
| Geographic name | United Kingdom |
| Chronological subdivision | |
| 690 ## - LOCAL SUBJECT ADDED ENTRY--TOPICAL TERM (OCLC, RLIN) | |
| Topical term or geographic name as entry element | MANAGEMENT-BUSINESS MANAGEMENT-FEES |
| 942 ## - ADDED ENTRY ELEMENTS (KOHA) | |
| Suppress in OPAC | 0 |
| Withdrawn status | Lost status | Source of classification or shelving scheme | Damaged status | Not for loan | Home library | Current library | Shelving location | Date acquired | Cost, normal purchase price | Total Checkouts | Full call number | Barcode | Date last seen | Date last checked out | Copy number | Cost, replacement price | Price effective from | Koha item type |
|---|---|---|---|---|---|---|---|---|---|---|---|---|---|---|---|---|---|---|
| Dewey Decimal Classification | London | London | Basement | 12/12/2006 | 165.75 | 9 | SHELF 302 | 30073481 | 06/08/2019 | 28/09/2007 | 1 | 165.75 | 06/08/2019 | Book |